| 000 | 00476nam a22001457a 4500 | ||
|---|---|---|---|
| 082 | _a621.3 | ||
| 100 | _aIlyas, Zaid | ||
| 245 |
_aA Quality of Services based Spectrum Allocation Framework for TV White Spaces / _cZaid Ilyas |
||
| 260 |
_aIslamabad : _bMCS - NUST, _c2015. |
||
| 300 |
_a71 p. ; _c30cm. |
||
| 650 |
_aElectrical Engineering-MS-Thesis _916073 |
||
| 700 |
_aDr. Abdul Ghafoor _916207 |
||
| 942 |
_2ddc _cTHE |
||
| 999 |
_c540874 _d540874 |
||